Obscure and Difficult Geography 1 - Statistics

General Stats
  • This quiz has been taken 23 times
  • The average score is 4 of 15
Answer Stats
Hint Answer % Correct
What is the national currency of Guatemala? Quetzal
73%
What Indian city is the capital of two states? Chandigarh
55%
What lake is the third largest in Russia? Lake Onega
55%
What is the largest city in Senegal south of the Gambia? Ziguinchor
27%
What British Overseas Territory contains Hell? Cayman Islands
23%
What province of Thailand shares the longest border with Myanmar? Mae Hong Son
23%
What is the second largest city in Mexico's Sonora state, with the initials 'CO'? Ciudad Obregón
18%
How many North Macedonian municipalities are there? 80
14%
What is the largest sand desert in Ukraine? Oleshky Sands
14%
Iquitos is the largest city in the Peruvian Amazon. What is the second largest? Pucallpa
14%
What is the capital of the Argentinian province of Chubut? Rawson
14%
What is the name of the southernmost point of mainland Portugal? Cape Santa Maria
9%
What is the largest province of the Philippines on Luzon? Isabela
9%
What mountain has the highest point on New Zealand's North Island? Mount Ruapehu
5%
What is the highest peak in the Atlas Mountains? Mount Toubkal
5%
No matching quizzes found
Score Distribution
Percent of People with Each Score
Percentile by Number Answered
Your Score History
You have not taken this quiz